00398nam a2200133Ia 4500003000900000008004100009040001600050080001300066100001300079245011100092260003400203300001000237650001700247IN-BaIIA211028s9999 xx 000 0 eng d cIIA Library a524bHAC aHack, M. 0aModern astrophysics a memorial to Otto struvecM. Hack  aParisbGauthier Villarsc1967 a360p. aAstrophysics